000 00285nam a22001217a 4500
008 180928b xxu||||| |||| 00| 0 eng d
041 _aeng
080 _24 ED
_a159.9
100 _a48
101 _aPSI
245 _aChild Development And Personality
_cMussen.C
942 _2udc
_cBK
999 _c48699
_d48699